Nghiên cứu một số yếu tố liên quan đến tập tính di cư của cá kèo vẩy nhỏ (Pseudapocryptes elongatus, Cuvier 1816) ở tỉnh Bạc Liêu : Luận văn tốt nghiệp cao học. Chuyên ngành: Nuôi trồng thủy sản
Nghiên cứu kích cỡ mùa vụ di cư của cá kèo vẩy nhỏ; xác định các yếu tố sinh thái, sinh học liên quan đến tập tính di cư của cá kèo ở vùng ven biển tỉnh Bạc Liêu
Sparad:
| Huvudupphovsman: | |
|---|---|
| Materialtyp: | Bok |
| Språk: | Undetermined |
| Publicerad: |
Cần Thơ
Trường Đại học Cần Thơ
2010
|
| Ämnen: | |
| Taggar: |
Lägg till en tagg
Inga taggar, Lägg till första taggen!
|
| Thư viện lưu trữ: | Trung tâm Học liệu Trường Đại học Cần Thơ |
|---|
| LEADER | 01201nam a2200229Ia 4500 | ||
|---|---|---|---|
| 001 | CTU_201233 | ||
| 008 | 210402s9999 xx 000 0 und d | ||
| 082 | |a 639.31 | ||
| 082 | |b L600 | ||
| 088 | |a 60620301 | ||
| 100 | |a Trần, Thị Thanh Lý | ||
| 245 | 0 | |a Nghiên cứu một số yếu tố liên quan đến tập tính di cư của cá kèo vẩy nhỏ (Pseudapocryptes elongatus, Cuvier 1816) ở tỉnh Bạc Liêu : | |
| 245 | 0 | |b Luận văn tốt nghiệp cao học. Chuyên ngành: Nuôi trồng thủy sản | |
| 245 | 0 | |c Trần Thị Thanh Lý ; Trần Đắc Định (Cán bộ hướng dẫn) | |
| 260 | |a Cần Thơ | ||
| 260 | |b Trường Đại học Cần Thơ | ||
| 260 | |c 2010 | ||
| 520 | |a Nghiên cứu kích cỡ mùa vụ di cư của cá kèo vẩy nhỏ; xác định các yếu tố sinh thái, sinh học liên quan đến tập tính di cư của cá kèo ở vùng ven biển tỉnh Bạc Liêu | ||
| 650 | |a Nuôi cá kèo vẩy nhỏ,Nuôi cá kèo | ||
| 904 | |i Nguyên | ||
| 910 | |a Khoa | ||
| 980 | |a Trung tâm Học liệu Trường Đại học Cần Thơ | ||